00644nam a2200157 a 450000100100000000500170001000800410002704000250006808200130009310000360010624501030014224601450024526000400039030000270043070000290045700004685520201002053147.0110224s2016 dr a 000 0 spa d aDO-SdBNPbspacBNPHU axxxbxxx1 aTamariz Cerda, José Nicodemes10aEpoca de oro del hipismo dominicano /cJosé Nicodemes Tamariz Cerda; prólogo Alonso Calcaño.10aEpoca de oro del hipismo dominicano :bes mi historia en le hipódromo "Perla Antillana" como dueño de caballos de carreras pura sangre / aSanto Domingo :bDominicana,c2016. a65 P. :bil. ;c21 cm.12aCalcaño, Alonsoeprol.